Seconde : Les pays à connaître. - Statistiques

Statistiques générales
  • Ce quiz a été pris 159 fois
    117 depuis la dernière actualisation
  • Le résultat moyen est 13 sur 18
Réponses sur la Carte
Les réponses sont colorées sur une échelle allant du rouge au vert en fonction du pourcentage des utilisateurs qui les ont devinées à leur premier essai. Vous pouvez retrouver ces pourcentages ci-dessous.
 
Statistiques - réponses
Réponse % Correct
France
99%
Russie
96%
états-unis
95%
Canada
93%
Brésil
92%
Allemagne
91%
Chine
91%
Inde
91%
Royaume-Uni
91%
Italie
86%
Japon
76%
Afrique du Sud
74%
Iran
53%
Egypte
47%
Ethiopie
38%
Ethiopie
38%
République Démocratique du Congo
38%
Emirats Arabes Unis
31%
Aucun quiz correspondant
Distribution des résultats
% des personnes avec chaque résultat
Percentile par nombre de réponses
Votre historique - résultats
Vous n’avez pas pris ce quiz depuis la dernière actualisation